Modern geometry / (Record no. 30136)
[ view plain ]
| 000 -LEADER | |
|---|---|
| fixed length control field | 00495 a2200157 4500 |
| 020 ## - INTERNATIONAL STANDARD BOOK NUMBER | |
| International Standard Book Number | 0534365507 |
| 020 ## - INTERNATIONAL STANDARD BOOK NUMBER | |
| International Standard Book Number | 9780534365509 |
| 090 ## - LOCALLY ASSIGNED LC-TYPE CALL NUMBER (OCLC); LOCAL CALL NUMBER (RLIN) | |
| -- | 1525 |
| -- | 1525 |
| 100 1# - MAIN ENTRY--PERSONAL NAME | |
| Personal name | Thomas, David A. |
| 245 10 - TITLE STATEMENT | |
| Title | Modern geometry / |
| Statement of responsibility, etc. | David A. Thomas. |
| 250 ## - EDITION STATEMENT | |
| Edition statement | 1st ed. |
| 260 ## - PUBLICATION, DISTRIBUTION, ETC. | |
| Place of publication, distribution, etc. | [S.l.] : |
| Name of publisher, distributor, etc. | Cengage Learning, |
| Date of publication, distribution, etc. | 2001. |
| 300 ## - PHYSICAL DESCRIPTION | |
| Extent | 368 p. ; |
| Dimensions | 24 cm. |
| 942 ## - ADDED ENTRY ELEMENTS (KOHA) | |
| Institution code [OBSOLETE] | SNS |
| Koha item type | Book |
| Call number prefix | 516 THO |
| Withdrawn status | Lost status | Source of classification or shelving scheme | Damaged status | Not for loan | Permanent Location | Current Location | Shelving location | Date acquired | Full call number | Barcode | Date last seen | Price effective from | Koha item type |
|---|---|---|---|---|---|---|---|---|---|---|---|---|---|
| Not For Loan | School of Natural Sciences (SNS) | School of Natural Sciences (SNS) | Reference | 05/26/2016 | 516 THO | SNS0001707 | 05/26/2016 | 05/26/2016 | Book |
